Geography Quiz

Random Geography or City Quiz

Capital by same first letter as Country - Europe Quiz Stats

 Plays Quiz not verified by Sporcle

Challenge
Share
Tweet
Embed
Score 0/7 Timer 02:00
2 Plays Today
Answer % Correct
Luxembourg, Luxembourg
84.6%
Vatican City, Vatican City
84.3%
Stockholm, Sweden
83.3%
Brussels, Belgium
82.4%
Monaco, Monaco
78.2%
San Marino, San Marino
77.7%
Andorra la Vella, Andorra
73.6%

You're not logged in!

Compare scores with friends on all Sporcle quizzes.
Join for Free
OR
Log In

You Might Also Like...

Show Comments

Extras

Top Quizzes Today


Score Distribution

Your Account Isn't Verified!

In order to create a playlist on Sporcle, you need to verify the email address you used during registration. Go to your Sporcle Settings to finish the process.

Report this User

Report this user for behavior that violates our Community Guidelines.

Details: